Studijní materiál pro výchovné poradce - účastníky kurzu "Výchovné a kariérové poradenství u žáků se zdravotním postižením" /

Hlavní autor: Röderová, Petra, 1977-
Další autoři: Novotná, Petra, Horská, Miluše, 1959-
Jazyk: Čeština
Vydáno: Praha : Institut pedagogicko-psychologického poradenství ČR, c2010
Témata:
Externí odkaz: Digitalizovaný dokument
Fyzický popis: 41 s. : il. ; 30 cm
Knihy
Uloženo v:
LEADER 02148nam a2200505 a 4500
001 nkc20102131794
003 CZ PrNK
005 20170925235010.0
007 ta
008 101209s2010 xr a e p 000 0 cze
015 |a cnb002131794 
020 |a 978-80-86856-64-3  |q (kroužková vazba) 
035 |a (OCoLC)703549098 
040 |a ABA001  |b cze 
072 7 |a 37  |x Výchova a vzdělávání  |2 Konspekt  |9 22 
072 7 |a 37.016  |x Učební osnovy. Vyučovací předměty. Učebnice  |2 Konspekt  |9 22 
080 |a 316.344.6-056.26/.3-053.2  |2 MRF 
080 |a 316.344.6-056.26/.3-053.6  |2 MRF 
080 |a 37.048  |2 MRF 
080 |a 331.548  |2 MRF 
080 |a (07)  |2 MRF 
100 1 |a Röderová, Petra,  |d 1977-  |7 xx0052641  |4 aut 
245 1 0 |a Studijní materiál pro výchovné poradce - účastníky kurzu "Výchovné a kariérové poradenství u žáků se zdravotním postižením" /  |c Petra Röderová, Petra Novotná, Miluše Horská 
260 |a Praha :  |b Institut pedagogicko-psychologického poradenství ČR,  |c c2010 
300 |a 41 s. :  |b il. ;  |c 30 cm 
504 |a Obsahuje bibliografie a bibliografické odkazy 
521 8 |a Určeno výchovným poradcům 
650 0 7 |a děti se zdravotním postižením  |7 ph116745  |2 czenas 
650 0 7 |a mládež se zdravotním postižením  |7 ph138743  |2 czenas 
650 0 7 |a výchovné poradenství  |7 ph127430  |2 czenas 
650 0 7 |a profesní poradenství  |7 ph124627  |2 czenas 
650 0 9 |a children with disabilities  |2 eczenas 
650 0 9 |a youth with disabilities  |2 eczenas 
650 0 9 |a educational counseling  |2 eczenas 
650 0 9 |a vocational counseling  |2 eczenas 
655 7 |a učební texty  |7 fd133599  |2 czenas 
655 9 |a educational texts  |2 eczenas 
700 1 |a Novotná, Petra  |7 js20051017081  |4 aut 
700 1 |a Horská, Miluše,  |d 1959-  |7 pag2008474897  |4 aut 
856 4 1 |u http://www.digitalniknihovna.cz/mzk/uuid/uuid:ee8973c0-92b9-11e7-ab16-005056827e52  |y Digitalizovaný dokument  |x NDK 
910 2 |a BOA001  |b 4-1254.250 
990 |a BK 
995 |a 01 
991 |b 201012  |c NOV  |e n 
996 6 |b 2610456069  |c 4-1254.250  |l MZK  |r Sklad / do 1 hodiny  |n 3  |p p.v.  |w 001160709  |u 000010  |a 1  |e BOA001  |j MZK50  |s P